Hướng dẫn trồng Đậu xanh - Đậu tương - Khoai tây

Na minha lista:
Detalhes bibliográficos
Autor principal: Chu, Thị Thơm
Formato: Livro
Idioma:Undetermined
Publicado em: Hà Nội Lao động 2005
Assuntos:
Tags: Adicionar Tag
Sem tags, seja o primeiro a adicionar uma tag!
Thư viện lưu trữ: Trung tâm Học liệu Trường Đại học Cần Thơ
LEADER 00593nam a2200193Ia 4500
001 CTU_98063
008 210402s9999 xx 000 0 und d
020 |c 10000 
082 |a 633.37 
082 |b Th463 
100 |a Chu, Thị Thơm 
245 0 |a Hướng dẫn trồng Đậu xanh - Đậu tương - Khoai tây 
245 0 |c Chu Thị Thơm, PhanThị Lài, Nguyễn Văn Tó 
260 |a Hà Nội 
260 |b Lao động 
260 |c 2005 
650 |a Mungbean,Potatoes 
904 |i Tuyến 
980 |a Trung tâm Học liệu Trường Đại học Cần Thơ